|
|
|
|
| LEADER |
03337nam a2200565 4500 |
| 001 |
978-3-540-44815-0 |
| 003 |
DE-He213 |
| 005 |
20191026021034.0 |
| 007 |
cr nn 008mamaa |
| 008 |
121227s2001 gw | s |||| 0|eng d |
| 020 |
|
|
|a 9783540448150
|9 978-3-540-44815-0
|
| 024 |
7 |
|
|a 10.1007/3-540-44815-2
|2 doi
|
| 040 |
|
|
|d GrThAP
|
| 050 |
|
4 |
|a QA76.758
|
| 072 |
|
7 |
|a UMZ
|2 bicssc
|
| 072 |
|
7 |
|a COM051230
|2 bisacsh
|
| 072 |
|
7 |
|a UMZ
|2 thema
|
| 072 |
|
7 |
|a UL
|2 thema
|
| 082 |
0 |
4 |
|a 005.1
|2 23
|
| 245 |
1 |
0 |
|a Generative and Component-Based Software Engineering
|h [electronic resource] :
|b Second International Symposium, GCSE 2000, Erfurt, Germany, October 9-12, 2000. Revised Papers /
|c edited by Greg Butler, Stan Jarzabek.
|
| 250 |
|
|
|a 1st ed. 2001.
|
| 264 |
|
1 |
|a Berlin, Heidelberg :
|b Springer Berlin Heidelberg :
|b Imprint: Springer,
|c 2001.
|
| 300 |
|
|
|a X, 210 p.
|b online resource.
|
| 336 |
|
|
|a text
|b txt
|2 rdacontent
|
| 337 |
|
|
|a computer
|b c
|2 rdamedia
|
| 338 |
|
|
|a online resource
|b cr
|2 rdacarrier
|
| 347 |
|
|
|a text file
|b PDF
|2 rda
|
| 490 |
1 |
|
|a Lecture Notes in Computer Science,
|x 0302-9743 ;
|v 2177
|
| 505 |
0 |
|
|a Invited Papers -- The Theory and Practice of Adaptive Components -- Designing for Change, a Dynamic Perspective -- Aspects and Patterns -- On to Aspect Persistence -- Symmetry Breaking in Software Patterns -- Aspect Composition Applying the Design by Contract Principle -- Models and Paradigms -- Towards a Foundation of Component-Oriented Software Reference Models -- Grammars as Contracts -- Generic Components: A Symbiosis of Paradigms -- Components and Architectures -- Design and Implementation Constructs for the Development of Flexible, Component-Oriented Software Architectures -- Scenario-Based Analysis of Component Compositions -- Product Instantiation in Software Product Lines: A Case Study -- Mixin-Based Composition and Metaprogramming -- Mixin-Based Programming in C++ -- Metaprogramming in the Large -- Just When You Thought Your Little Language Was Safe: "Expression Templates" in Java.
|
| 650 |
|
0 |
|a Software engineering.
|
| 650 |
|
0 |
|a Management information systems.
|
| 650 |
|
0 |
|a Computer science.
|
| 650 |
|
0 |
|a Information technology.
|
| 650 |
|
0 |
|a Business-Data processing.
|
| 650 |
1 |
4 |
|a Software Engineering/Programming and Operating Systems.
|0 http://scigraph.springernature.com/things/product-market-codes/I14002
|
| 650 |
2 |
4 |
|a Software Engineering.
|0 http://scigraph.springernature.com/things/product-market-codes/I14029
|
| 650 |
2 |
4 |
|a Management of Computing and Information Systems.
|0 http://scigraph.springernature.com/things/product-market-codes/I24067
|
| 650 |
2 |
4 |
|a IT in Business.
|0 http://scigraph.springernature.com/things/product-market-codes/522000
|
| 700 |
1 |
|
|a Butler, Greg.
|e editor.
|4 edt
|4 http://id.loc.gov/vocabulary/relators/edt
|
| 700 |
1 |
|
|a Jarzabek, Stan.
|e editor.
|4 edt
|4 http://id.loc.gov/vocabulary/relators/edt
|
| 710 |
2 |
|
|a SpringerLink (Online service)
|
| 773 |
0 |
|
|t Springer eBooks
|
| 776 |
0 |
8 |
|i Printed edition:
|z 9783662165829
|
| 776 |
0 |
8 |
|i Printed edition:
|z 9783540425786
|
| 830 |
|
0 |
|a Lecture Notes in Computer Science,
|x 0302-9743 ;
|v 2177
|
| 856 |
4 |
0 |
|u https://doi.org/10.1007/3-540-44815-2
|z Full Text via HEAL-Link
|
| 912 |
|
|
|a ZDB-2-SCS
|
| 912 |
|
|
|a ZDB-2-LNC
|
| 912 |
|
|
|a ZDB-2-BAE
|
| 950 |
|
|
|a Computer Science (Springer-11645)
|